000 00714nam a2200217Ia 4500
005 20230103150401.0
008 210716s2017 xx 000 0 und d
020 _a9789351508212
040 _cAIMIT LIBRARY
041 _aeng
082 _a658.15
_21
_bKOTR
100 _aKothari, Rajesh.
_968240
245 _aFinancial management :
_bcontemporary approach /
_cBy Rajesh Kothari.
250 _a1st ed.
260 _aNew Delhi :
_bSage Publications ,
_c2017.
300 _axix,709,I-11P. ;
_bPB
_c23.5 cm
650 _aFoundation of financial management
_968241
650 _aLong- term financing
_968242
650 _aContemporary issues in financial management
_968243
942 _2ddc
_cBK
_e1st
_k658.15 KOTR
999 _c210642
_d210642